[Event "GER-chT U14"]
[Site "Willingen"]
[Date "2022.08.13"]
[Round "2.9"]
[White "Eichhorn, Valentin"]
[Black "Schwartz, Oliver"]
[Result "0-1"]
[WhiteElo "1506"]
[BlackElo "1872"]
[PlyCount "108"]
[EventDate "2022.08.13"]
[EventType "team-swiss"]
[EventRounds "7"]
[EventCountry "GER"]
[SourceTitle "EXT 2023"]
[Source "ChessBase"]
[SourceDate "2022.10.05"]
[SourceVersion "1"]
[SourceVersionDate "2022.10.05"]
[SourceQuality "1"]
[WhiteTeam "Karlsruhe SF"]
[BlackTeam "Ostfildern"]
[WhiteTeamCountry "GER"]
[BlackTeamCountry "GER"]

1. d4 Nf6 2. Nf3 e6 3. e3 c5 4. b3 b6 5. Bd3 Bb7 6. Nbd2 Be7 7. Bb2 d6 8. 0-0 0-0 9. Re1 Nbd7 10. c4 Qc7 11. Rc1 Rfe8 12. Qc2 h6 13. Qb1 Bf8 14. Ne4 Nxe4 15. Bxe4 Be7 16. Bxb7 Qxb7 17. Rcd1 Rad8 18. d5 e5 19. e4 b5 20. Nd2 Rb8 21. Qc2 Rec8 22. cxb5 Qxb5 23. Nc4 Nb6 24. Rb1 Qa6 25. Ba1 Nxc4 26. bxc4 Rb4 27. Bc3 Qxc4 28. Rbc1 Rb6 29. Ba5 Qxc2 30. Rxc2 Rb5 31. Bc3 Rcb8 32. h3 Bd8 33. Ree2 Ba5 34. Bxa5 Rxa5 35. Rb2 Rab5 36. Rxb5 Rxb5 37. Rc2 Kf8 38. Rc4 Rb1+ 39. Kh2 Rb4 40. Rc3 Rxe4 41. Ra3 Rd4 42. Rxa7 Rxd5 43. a4 Rd3 44. a5 Ra3 45. a6 c4 46. Ra8+ Ke7 47. Rc8 d5 48. Rc7+ Kd6 49. Rxf7 Rxa6 50. Rxg7 Rc6 51. Rg6+ Kc5 52. Rg3 Kd4 53. Re3 c3 54. Re1 c2 0-1

[Event "GER-chT U14"]
[Site "Willingen"]
[Date "2022.08.13"]
[Round "1.10"]
[White "Sidletskyi, Ivan"]
[Black "Eichhorn, Valentin"]
[Result "1-0"]
[WhiteElo "2075"]
[BlackElo "1506"]
[PlyCount "59"]
[EventDate "2022.08.13"]
[EventType "team-swiss"]
[EventRounds "7"]
[EventCountry "GER"]
[SourceTitle "EXT 2023"]
[Source "ChessBase"]
[SourceDate "2022.10.05"]
[SourceVersion "1"]
[SourceVersionDate "2022.10.05"]
[SourceQuality "1"]
[WhiteTeam "Kastellaun"]
[BlackTeam "Karlsruhe SF"]
[WhiteTeamCountry "GER"]
[BlackTeamCountry "GER"]

1. e4 c5 2. Nf3 e6 3. d4 cxd4 4. Nxd4 Nc6 5. Nc3 Qc7 6. g3 a6 7. Bg2 Nf6 8. 0-0 Nxd4 9. Qxd4 Bc5 10. Bf4 d6 11. Qd2 h6 12. Rad1 e5 13. Be3 Bb4 14. Nb5 axb5 15. Qxb4 Rxa2 16. Rxd6 Rxb2 17. Qxb2 Qxd6 18. Qxb5+ Bd7 19. Qa5 Qa6 20. Qxe5+ Qe6 21. Qc5 Nxe4 22. Qb4 Bc6 23. Ra1 Kd7 24. Qd4+ Qd5 25. Bxe4 Qxd4 26. Bxc6+ bxc6 27. Bxd4 Rg8 28. Ra7+ Ke6 29. c4 f6 30. Bc5 1-0

[Event "GER-ch U14"]
[Site "Willingen"]
[Date "2022.06.11"]
[Round "9"]
[White "Eichhorn, Valentin"]
[Black "Sinka, Silas"]
[Result "0-1"]
[WhiteElo "1565"]
[BlackElo "1386"]
[PlyCount "78"]
[EventDate "2022.06.04"]
[EventType "swiss"]
[EventRounds "9"]
[EventCountry "GER"]
[SourceTitle "CBM 208 Extra"]
[Source "ChessBase"]
[SourceDate "2022.07.31"]
[SourceVersion "1"]
[SourceVersionDate "2022.07.31"]
[SourceQuality "1"]

1. d4 d5 2. Nf3 Nf6 3. e3 e6 4. Bd3 Bd6 5. 0-0 0-0 6. b3 b6 7. Bb2 Bb7 8. Nbd2 Nbd7 9. Ne5 c5 10. f4 Ne4 11. Bxe4 dxe4 12. Qg4 Nf6 13. Qg3 Rc8 14. Ndc4 cxd4 15. Nxd6 Qxd6 16. Nc4 Qe7 17. Ba3 Qd8 18. Bxf8 Kxf8 19. Rad1 d3 20. cxd3 exd3 21. Qe1 Ne4 22. Qb4+ Kg8 23. Nb2 d2 24. Qd4 Qxd4 25. exd4 Ba6 26. Nc4 Bxc4 27. bxc4 Rxc4 28. f5 Rc2 29. Ra1 Nc3 30. fxe6 fxe6 31. h3 Rc1 32. Raxc1 dxc1Q 33. Rxc1 Ne2+ 34. Kf2 Nxc1 35. Ke3 Nxa2 36. Ke4 Nb4 37. Ke5 Nc6+ 38. Kxe6 Nxd4+ 39. Kd5 Ne2 0-1

[Event "GER-ch U14"]
[Site "Willingen"]
[Date "2022.06.08"]
[Round "6"]
[White "Miller, Elias"]
[Black "Eichhorn, Valentin"]
[Result "0-1"]
[WhiteElo "1548"]
[BlackElo "1565"]
[PlyCount "88"]
[EventDate "2022.06.04"]
[EventType "swiss"]
[EventRounds "9"]
[EventCountry "GER"]
[SourceTitle "CBM 208 Extra"]
[Source "ChessBase"]
[SourceDate "2022.07.31"]
[SourceVersion "1"]
[SourceVersionDate "2022.07.31"]
[SourceQuality "1"]

1. d4 Nf6 2. c4 e6 3. Nf3 d5 4. g3 Be7 5. Bg2 0-0 6. 0-0 Nbd7 7. Nbd2 c6 8. Qc2 Re8 9. e4 dxe4 10. Nxe4 Nxe4 11. Qxe4 Nf6 12. Qc2 Bd7 13. b3 Rc8 14. Bb2 c5 15. dxc5 Bxc5 16. Rad1 Be7 17. Qd3 Bc6 18. Qb1 Qa5 19. Nh4 Bxg2 20. Nxg2 Red8 21. Qc2 b5 22. Bc3 Qc7 23. Rxd8+ Bxd8 24. Ne3 Be7 25. Rc1 bxc4 26. Nxc4 Qc6 27. Bd4 a6 28. Qe2 h6 29. Rc3 Qe4 30. Qe3 Rd8 31. Qxe4 Nxe4 32. Rd3 Bc5 33. Bxc5 Rxd3 34. Be3 Nc3 35. a3 Nd5 36. b4 Nxe3 37. fxe3 Rc3 38. Na5 Rxa3 39. Kf2 Kf8 40. Kf3 Ke8 41. h4 Kd7 42. Ke4 Ra4 43. Kd3 Rxb4 44. Nc4 Rxc4 0-1

[Event "GER-ch U12"]
[Site "Willingen"]
[Date "2020.10.27"]
[Round "1"]
[White "Eichhorn, Valentin"]
[Black "Huber, Benedikt Thomas"]
[Result "1-0"]
[WhiteElo "1545"]
[BlackElo "1725"]
[PlyCount "143"]
[EventDate "2020.10.26"]
[EventType "swiss"]
[EventRounds "7"]
[EventCountry "GER"]
[SourceTitle "CBM 199 Extra"]
[Source "ChessBase"]
[SourceDate "2021.01.31"]
[SourceVersion "1"]
[SourceVersionDate "2021.01.31"]
[SourceQuality "1"]

1. c4 e5 2. Nc3 Nf6 3. g3 Nc6 4. Bg2 Bc5 5. e3 d6 6. Nge2 a6 7. a3 Ba7 8. Nd5 Be6 9. Qc2 Qd7 10. Nec3 Nd8 11. Nxf6+ gxf6 12. Nd5 Bxd5 13. cxd5 Rc8 14. h4 c6 15. Bh3 Qc7 16. Bxc8 Qxc8 17. b3 Qd7 18. dxc6 Nxc6 19. Bb2 d5 20. d3 d4 21. e4 Qg4 22. Qe2 Qe6 23. b4 Bb6 24. 0-0 Qh3 25. Qf3 Rg8 26. Rfd1 Qxh4 27. Kg2 Qg5 28. Bc1 Qg7 29. Rh1 Na7 30. Bh6 Qg6 31. Qf5 Kd8 32. Qxg6 hxg6 33. Bd2 Ke7 34. Rac1 Nc6 35. a4 Na7 36. Rc2 Kd6 37. Bc1 Ke6 38. Bd2 Re8 39. Re1 g5 40. f4 gxf4 41. gxf4 Rg8+ 42. Kf3 Rh8 43. f5+ Ke7 44. Rg1 Rh3+ 45. Rg3 Rh2 46. b5 Rh8 47. bxa6 bxa6 48. Rb2 Nc8 49. Bb4+ Ke8 50. Rbg2 Ne7 51. Rc2 a5 52. Bd2 Kd7 53. Rb2 Bc7 54. Rb5 Nc6 55. Kg2 Ke7 56. Bc1 Nb4 57. Ba3 Ra8 58. Bxb4+ axb4 59. Rxb4 Ra7 60. Kf3 Bd6 61. Rc4 Rb7 62. Rg2 Rb3 63. Rd2 Ra3 64. Ke2 Rb3 65. Rdc2 Rb7 66. a5 Ra7 67. Ra4 Ra6 68. Rb2 Ra7 69. a6 Kd7 70. Rb7+ Rxb7 71. axb7 Kc6 72. Ra6+ 1-0

[Event "GER-chT U10"]
[Site "Magdeburg"]
[Date "2016.12.29"]
[Round "7.4"]
[White "Helms, Finn"]
[Black "Eichhorn, Valentin"]
[Result "1-0"]
[WhiteElo "913"]
[BlackElo "989"]
[PlyCount "65"]
[EventDate "2016.12.27"]
[EventType "team-swiss"]
[EventRounds "7"]
[EventCountry "GER"]
[SourceTitle "EXT 2018"]
[Source "ChessBase"]
[SourceDate "2017.10.13"]
[SourceVersion "1"]
[SourceVersionDate "2017.10.13"]
[SourceQuality "1"]
[WhiteTeam "Lueneburg Turm"]
[BlackTeam "Karlsruhe SF"]
[WhiteTeamCountry "GER"]
[BlackTeamCountry "GER"]

1. d4 e6 2. Bf4 c5 3. e3 a6 4. Bd3 b5 5. c3 Nc6 6. Nf3 Bb7 7. 0-0 Nf6 8. Nbd2 Be7 9. dxc5 Bxc5 10. Qe2 Qe7 11. Bc2 Bd6 12. Bxd6 Qxd6 13. Rad1 Qc7 14. Rfe1 Ke7 15. c4 Na5 16. b3 Rac8 17. Bd3 Ng4 18. g3 Nf6 19. cxb5 axb5 20. Bxb5 Qb8 21. Bd3 Ba8 22. Ba6 Bb7 23. Bb5 Qa8 24. Bd3 Ne4 25. Bb5 Nc3 26. Qd3 Nxd1 27. Qxd7+ Kf8 28. Rxd1 Bxf3 29. Nxf3 h6 30. Ne5 Qb7 31. Qd6+ Qe7 32. Nd7+ Ke8 33. Nb6+ 1-0